| 000 | 00570nam a22001457a 4500 | ||
|---|---|---|---|
| 003 | OSt | ||
| 005 | 20130516190704.0 | ||
| 008 | 130516s2003 xxu||||| |||| 00| 0 cat d | ||
| 040 | _cCDMR | ||
| 111 | 2 |
_93442 _aCongrés de la Ràdio de Catalunya _cBarcelona _d2003 _n2n |
|
| 245 |
_a2n Congrés de la Ràdio a Catalunya _b: 24 i 25 de gener de 2003 : World Trade Center, Barcelona |
||
| 260 |
_a[Barcelona] _bUniversitat Autònoma de Barcelona. Departament de Comunicació Audiovisual i de Publicitat _c[s.d.] |
||
| 650 | 0 | 4 |
_91722 _aRàdio _zCatalunya _vCongressos |
| 942 |
_2udc _cMON |
||
| 999 |
_c6271 _d6271 |
||